| 000 | 00429nam a2200169Ia 4500 | ||
|---|---|---|---|
| 008 | 221030s9999 xx 000 0 und d | ||
| 020 | _a0074638106 | ||
| 041 | _aEnglish | ||
| 082 |
_a105.23 _bPap |
||
| 100 | _aC. H. Pappas | ||
| 245 | 4 |
_aThe Complete Reference Visual C++ 6 _cby C. H. Pappas, W. H. Murray |
|
| 260 |
_bTMH _aNew Delhi _c2002 |
||
| 300 | _a1015 | ||
| 650 | _aBE Computer | ||
| 700 | _aW. H. Murray | ||
| 942 | _cBK | ||
| 999 |
_c456 _d456 |
||